000 00755nam a2200217 a 4500
001 000012746
005 20200929163052.0
008 091116s1996 mx 001 j spa d
020 _a968294905X
040 _aDO-SdBNP
_bspa
_cBNPHU
082 _aA863.4
_bL951c
100 1 _aLugones, Leopoldo,
_d1874-1943.
_929529
245 1 4 _aLos caballos de Abdera /
_cLeopoldo Lugones ; selección y presentación Juan Domingo Argüelles.
260 _aMéxico :
_bConsejo Nacional para la Cultura y las Artes,
_c1996.
300 _a127 p. ;
_c22 cm.
490 1 _aClásicos para hoy
_v10
650 4 _aCuentos venezolanos
_93815
650 4 _aLiteratura venezolana
_93816
700 1 _aArgüelles, Juan Domingo,
_929530
830 0 _aClásicos para hoy ;
_n10
_929531
999 _c12397
_d12397